| 000 | 00825nam a22002177a 4500 | ||
|---|---|---|---|
| 003 | OSt | ||
| 005 | 20170909133846.0 | ||
| 008 | 170814s2017 ua a g b 000 0 ara d | ||
| 020 | _a9789773805227 | ||
| 040 |
_aMa-Un _bara _cDar Arab |
||
| 082 | 0 | 4 |
_a658.4012 _bط م ن _221 |
| 100 |
_958643 _aطلحة، محمد السيد البدوي |
||
| 245 | 1 | 0 |
_aالنموذج التطبيقي لإعداد دراسة جدوى فعالة / _cمحمد السيد البدوي الدسوقي طلحة. |
| 250 | _aط. 1. | ||
| 260 |
_aالقاهرة : _bدار العلوم للنشر والتوزيع، _c2017. |
||
| 300 |
_a122 ص. ؛ _c24 سم. |
||
| 504 | _aيشتمل علي إرجاعات ببليوجرافية. | ||
| 650 | 4 |
_aدراسة الجدوى _99697 |
|
| 650 | 4 |
_aلمشروعات _xتخطيط _959428 |
|
| 942 | _cBOOK | ||
| 999 |
_c40795 _d310415 |
||